Подмосковные места: путеводитель по районам туризма

Sonraí bibleagrafaíochta
Príomhchruthaitheoir: Иванов В. И. Вячеслав Иванович
Rannpháirtithe: Барсуков В., Федюкин Г.
Achoimre:На обл. авт. не указаны
Teanga:Rúisis
Foilsithe / Cruthaithe: Москва, Мысль, 1967
Ábhair:
Formáid: MixedMaterials LEABHAR
KOHA link:https://koha.lib.tpu.ru/cgi-bin/koha/opac-detail.pl?biblionumber=181136

MARC

LEADER 00000nam0a2200000 4500
001 181136
005 20231031170958.0
035 |a (RuTPU)RU\TPU\book\196352 
090 |a 181136 
100 |a 20100602d1967 m y0rusy50 ca 
101 0 |a rus 
102 |a RU 
105 |a a g 001zy 
200 1 |a Подмосковные места  |e путеводитель по районам туризма 
210 |a Москва  |c Мысль  |d 1967 
215 |a 391 с.  |c ил. 
300 |a На обл. авт. не указаны 
320 |a Библиогр.: с. 373-375. 
320 |a Указатель географических названий: с. 376-391. 
610 1 |a туризм 
610 1 |a Подмосковье 
610 1 |a история 
610 1 |a природа 
610 1 |a архитектура 
610 1 |a музеи 
610 1 |a туристские маршруты 
610 1 |a путеводители 
675 |a 91(с13)  |v 3 
700 1 |a Иванов  |b В. И.  |g Вячеслав Иванович 
701 1 |a Барсуков  |b В. 
701 1 |a Федюкин  |b Г. 
801 1 |a RU  |b 63413507  |c 20100602 
801 2 |a RU  |b 63413507  |c 20221115  |g RCR 
942 |c BK